2025 F1 Calendar - Statistics

General Stats
  • This quiz has been taken 196 times
    157 since last reset
  • The average score is 17 of 24
Answer Stats
Picture Hint Answer % Correct
Australian Melbourne
91%
British Silverstone
88%
Japanese Suzuka
85%
Saudi Arabian Jeddah
84%
Monaco Monaco
84%
Azerbaijan Baku
83%
Italian Monza
83%
Miami Miami
82%
Spanish Barcelona
81%
Emilia-Romagna Imola
81%
Belgian Spa
80%
Las Vegas Las Vegas
78%
Chinese Shanghai
78%
Mexican Mexico City
76%
Canadian Montreal
71%
United States Austin
69%
Singapore Singapore
69%
Brazilian Sao Paulo
67%
Dutch Zandvoort
66%
Bahrain Sakhir
59%
Hungarian Budapest
58%
Qatar Lusail
51%
Austrian Spielberg
47%
Abu Dhabi Yas Island
9%
No matching quizzes found
Score Distribution
Percent of People with Each Score
Percentile by Number Answered
Your Score History
You have not taken this quiz since the last reset